000 00313nam a2200145Ia 4500
100 _aBigelow/ Stephen J
942 _cBK
654 _aTroubleshooting
245 _aTrouble Shootin
260 _bTata Mc Graw hill
_aNew Delhi
_c1999
082 _a4.5
_bBIG
300 _a1448
546 _aENGLISH
999 _c28327
_d28327